Count As Low As You Can Backwards - 15 Second Sprint - Statistics

General Stats
  • This quiz has been taken 48 times
  • The average score is 20 of 100
Answer Stats
Number % Correct
100
100%
95
100%
96
100%
97
100%
98
100%
99
100%
94
97%
90
94%
91
94%
92
94%
93
94%
89
84%
88
81%
87
77%
86
68%
84
65%
85
65%
83
61%
82
58%
80
55%
81
55%
79
45%
78
39%
77
32%
75
26%
76
26%
74
19%
73
16%
71
13%
72
13%
1
3%
70
3%
10
0%
11
0%
12
0%
13
0%
14
0%
15
0%
16
0%
17
0%
18
0%
19
0%
2
0%
20
0%
21
0%
22
0%
23
0%
24
0%
25
0%
26
0%
27
0%
28
0%
29
0%
3
0%
30
0%
31
0%
32
0%
33
0%
34
0%
35
0%
36
0%
37
0%
38
0%
39
0%
4
0%
40
0%
41
0%
42
0%
43
0%
44
0%
45
0%
46
0%
47
0%
48
0%
49
0%
5
0%
50
0%
51
0%
52
0%
53
0%
54
0%
55
0%
56
0%
57
0%
58
0%
59
0%
6
0%
60
0%
61
0%
62
0%
63
0%
64
0%
65
0%
66
0%
67
0%
68
0%
69
0%
7
0%
8
0%
9
0%
No matching quizzes found
Score Distribution
Percent of People with Each Score
Percentile by Number Answered
Your Score History
You have not taken this quiz